000 00672nam a2200205Ia 4500
003 GCL
008 140319s9999 xx 000 0 ara d
020 _a5064329957
040 _aGCL /
_cGCL
082 0 4 _a225
_bع ت
100 1 _aعلى عايد مقدادى
245 1 0 _aالترويض فى تبيان حقيقة التفويض /
_cعلى عايد مقدادى
260 _aالاردن :
_bدار الحامد للنشر والتوزيع ،
_c2004
300 _a207 ص ؛
_c24 سم
650 0 4 _aالقران - بلاغة
650 0 4 _aالقران - الفاظ
650 0 4 _aالقران - بديع
650 0 4 _aالقران الكريم
942 _2ddc
_cBK
999 _c7383
_d7383